| 000 | 00608nam a2200217Ia 4500 | ||
|---|---|---|---|
| 008 | 200601s9999 xx 000 0 und d | ||
| 020 | _a971-08-6975-2 | ||
| 050 | _aREF PC 4640 | ||
| 050 | _b.T35 2009 | ||
| 100 | _aTajar, M. S. | ||
| 245 | 0 | _aEnglish-Spanish Spanish-English dictionary / | |
| 245 | 0 | _cM. S. Tajar | |
| 260 | _aMandaluyong City : | ||
| 260 | _bNational Bookstore | ||
| 260 | _c2009 | ||
| 300 | _a257 pages : | ||
| 300 | _billustrations ; | ||
| 300 | _c18 cm. | ||
| 650 | _aSpanish language -- Dictionaries -- English. | ||
| 650 | _xEnglish language -- Dictionaries -- Spanish. | ||
| 999 |
_c363393 _d363393 |
||